Normal view
MARC view
- Skou, Karen.
Entry Personal Name
001 - CONTROL NUMBER
- control field: 20794
003 - CONTROL NUMBER IDENTIFIER
- control field: NUST
005 - DATE AND TIME OF LATEST TRANSACTION
- control field: 20190917071953.0
008 - FIXED-LENGTH DATA ELEMENTS
- fixed length control field: 190917|| aca||aabn | a|a d
040 ## - CATALOGING SOURCE
- Original cataloging agency: NUST
- Transcribing agency: NUST
100 ## - HEADING--PERSONAL NAME
- Personal name: Skou, Karen.
670 ## - SOURCE DATA FOUND
- Source citation: Work cat.: (NUST)0: Bendtsen, Hans. 20789, Noise barriers--a catalogue of ideas /, 1991.
